| 000 | 03312nam a2200301 i 4500 | ||
|---|---|---|---|
| 003 | CSPC | ||
| 005 | 20250321135533.0 | ||
| 008 | 250320s2023 -uka 001 0 eng d | ||
| 020 | _a9781835464601 | ||
| 040 |
_cCSPC _aCSPC _beng _erda |
||
| 050 | 0 | 4 | _aQA76.9.U83 |
| 082 | 0 | 4 |
_a005.437 _bSt15d _223 |
| 100 | 1 |
_aStaiano, Fabio, _eauthor. |
|
| 245 | 1 | 0 |
_aDesigning and prototyping interfaces with Figma : _belevate your design craft with UX/UI principles and create interactive prototypes / _cFabio Staiano. |
| 250 | _aSecond edition. | ||
| 264 | 1 |
_aBirmingham, UK : _bPackt Publishing Ltd., _c2023. |
|
| 300 |
_axxi, 439 pages : _billustrations ; _c24 cm. |
||
| 336 |
_2rdacontent _atext |
||
| 337 |
_2rdamedia _aunmediated |
||
| 338 |
_2rdacarrier _avolume |
||
| 500 | _aIncludes index. | ||
| 505 | 0 | _aPart 1: Introduction to Figma and FigJam -- Exploring Figma and transitioning from other tools -- Structuring mood boards, personas, and user flows within Fig Jam -- Getting to know your design environment -- Wireframing a mobile-first experience using vector shapes -- Part 2: Exploring components, styles, and variants -- Designing consistently using grids, colors, and typography -- Creating a responsive mobile interface using auto layout -- Building components and variants in a collaborative workspace -- User interface design on tablet, desktop, and the web -- Part 3: Prototyping and sharing -- Prototyping with transitions, smart animate, and interactive components -- Testing and sharing your prototype in browsers and real devices -- Exporting assets and managing the handover process -- Discovering resources, plugins, and widgets in the Figma community -- Going advanced with variables and conditional prototyping. | |
| 520 | _aAre you a UI/UX designer eager to learn the art of creating compelling interfaces using Figma? Look no further! The highly anticipated new edition is here to transform your creative journey. Explore Figma's latest features and delve into the power of variables and conditional Prototyping. Get ready to transform your static designs into dynamic, interactive prototypes, offering users and stakeholders an immersive experience. Stay at the forefront of design innovation with insights into integrating AI capabilities and optimizing your workflow with the latest Figma plugins. With user-centric design at its core, this book guides you through mastering design thinking, enabling you to tackle complex design challenges with ease. One unique aspect of this edition is its focus on effective communication. Learn how to convey your design vision clearly to both technical and non-technical audiences. In the rapidly changing world of UI/UX design, iteration is key. This book will teach you how to gather user feedback and iterate on your designs by creating interactive prototypes. Whether you're new to Figma or a seasoned pro, this comprehensive guide equips you with the skills to create captivating interfaces, fosters creativity and problem-solving, and makes you an indispensable, forward-thinking designer. | ||
| 650 | 0 |
_aUser interfaces (Computer systems) _vDesign. |
|
| 650 | 0 | _aComputer graphics. | |
| 942 |
_2ddc _n0 _cBK _h005.437 _iSt15d _kCIR _m2023 _e23 |
||
| 999 |
_c29231 _d29231 |
||